[Event "COL-ch sf"]
[Site "Pereira"]
[Date "2024.03.29"]
[Round "7"]
[White "Florez Salazar, Luis Angel"]
[Black "Munoz Galvez, Jhon Edison"]
[Result "1/2-1/2"]
[WhiteElo "2171"]
[BlackElo "2320"]
[PlyCount "103"]
[EventDate "2024.03.26"]
[EventType "swiss"]
[EventRounds "11"]
[EventCountry "COL"]
[SourceTitle "CB14_2024"]
[SourceDate "2024.04.01"]
[SourceVersion "1"]
[SourceVersionDate "2024.04.01"]
[SourceQuality "1"]

1. e4 c5 2. Nf3 d6 3. d4 cxd4 4. Nxd4 Nf6 5. Nc3 Nc6 6. Bg5 Bd7 7. Qd2 a6 8. 0-0-0 e6 9. Kb1 h6 10. Bh4 Nxe4 11. Nxe4 Qxh4 12. Nxd6+ Bxd6 13. Nf3 Qe7 14. Qxd6 Qxd6 15. Rxd6 Ke7 16. Rd2 Rhd8 17. Be2 Be8 18. Rhd1 Rxd2 19. Rxd2 g5 20. a3 Rc8 21. c3 f6 22. b4 g4 23. Nd4 Ne5 24. Kb2 h5 25. Kb3 b5 26. Nc2 Bc6 27. Ne3 f5 28. Rd4 Be4 29. g3 Bf3 30. Bf1 Bb7 31. h4 Nf3 32. Rd1 f4 33. gxf4 Nxh4 34. c4 bxc4+ 35. Bxc4 Rf8 36. b5 a5 37. Ka4 Rxf4 38. Kxa5 Rxf2 39. Kb6 Be4 40. Kc7 Nf5 41. Rd7+ Kf6 42. Bd3 Bxd3 43. Rxd3 g3 44. b6 Nxe3 45. Rxe3 g2 46. Rg3 h4 47. b7 Rc2+ 48. Kd6 hxg3 49. b8Q Rd2+ 50. Kc6 g1Q 51. Qf4+ Ke7 52. Qg5+ 1/2-1/2

[Event "Barranquilla Carnaval Cup"]
[Site "Barranquilla"]
[Date "2024.02.04"]
[Round "3"]
[White "Munoz Galvez, Jhon Edison"]
[Black "Varela Sanchez, David Yoel"]
[Result "1-0"]
[WhiteElo "2312"]
[BlackElo "1491"]
[PlyCount "63"]
[EventDate "2024.02.03"]
[EventType "swiss"]
[EventRounds "9"]
[EventCountry "COL"]
[SourceTitle "CB07_2024"]
[SourceDate "2024.02.14"]
[SourceVersion "1"]
[SourceVersionDate "2024.02.14"]
[SourceQuality "1"]

1. d4 d5 2. Nf3 e6 3. c4 c6 4. e3 Bd6 5. Bd3 f5 6. Qc2 Nd7 7. Nc3 Ngf6 8. cxd5 Nxd5 9. a3 N7f6 10. Bd2 Qc7 11. Na4 a5 12. Rc1 0-0 13. 0-0 Qf7 14. Rce1 Qh5 15. Bc1 Ng4 16. h3 Rf6 17. Be2 Rg6 18. Bd1 Ngf6 19. Kh1 Qh6 20. e4 Nf4 21. Bxf4 Bxf4 22. exf5 exf5 23. Nb6 Rb8 24. Qc4+ Kh8 25. Qf7 Ng8 26. Bb3 Be6 27. Rxe6 Rxe6 28. Bxe6 Bd6 29. Nd7 Rd8 30. Nfe5 Qh4 31. Qxg8+ Rxg8 32. Nf7# 1-0

[Event "Titled Tuesday intern op 16th Jan Early"]
[Site "Chess.com INT"]
[Date "2024.01.16"]
[Round "6"]
[White "Munoz Galvez, Jhon Edison"]
[Black "Kvaloy, Aksel Bu"]
[Result "0-1"]
[WhiteElo "2297"]
[BlackElo "2443"]
[PlyCount "72"]
[EventDate "2024.01.16"]
[EventType "swiss (blitz)"]
[EventRounds "11"]
[EventCountry "USA"]
[SourceTitle "CB04_2024"]
[SourceDate "2023.10.16"]
[SourceVersion "1"]
[SourceVersionDate "2023.10.16"]
[SourceQuality "1"]

1. c4 e5 2. Nc3 Nc6 3. Nf3 Nf6 4. g3 Bb4 5. Nd5 e4 6. Nxb4 Nxb4 7. Nd4 Nc6 8. Nc2 d6 9. Bg2 h5 10. h3 Be6 11. b3 Ne5 12. d4 exd3 13. exd3 Qe7 14. 0-0 Qd7 15. d4 Ng6 16. Re1 0-0-0 17. Kh2 h4 18. g4 Bxg4 19. hxg4 Nxg4+ 20. Qxg4 Qxg4 21. Bh3 f5 22. Bxg4 fxg4 23. Bg5 Rdf8 24. Re2 Rf5 25. Be3 Rf3 26. Rg1 g3+ 27. Kg2 Rhf8 28. fxg3 hxg3 29. Ne1 Rf2+ 30. Bxf2 Nf4+ 31. Kf1 Nxe2 32. Kxe2 gxf2 33. Rf1 fxe1Q+ 34. Rxe1 Re8+ 35. Kf2 Rxe1 36. Kxe1 Kd7 0-1

[Event "Manizales Feria op 29th"]
[Site "Manizales"]
[Date "2024.01.07"]
[Round "4"]
[White "Pazos Gambarrotti, Plinio Efrain"]
[Black "Munoz Galvez, Jhon Edison"]
[Result "0-1"]
[WhiteElo "1995"]
[BlackElo "2297"]
[PlyCount "92"]
[EventDate "2024.01.05"]
[EventType "swiss"]
[EventRounds "7"]
[EventCountry "COL"]
[SourceTitle "CB02_2024"]
[SourceDate "2024.01.10"]
[SourceVersion "1"]
[SourceVersionDate "2024.01.10"]
[SourceQuality "1"]

1. d4 Nf6 2. Nf3 e6 3. c4 b6 4. a3 Bb7 5. Nc3 d5 6. cxd5 exd5 7. Bg5 Be7 8. e3 0-0 9. Bd3 Re8 10. 0-0 Nbd7 11. Rc1 a6 12. Qe2 c5 13. Rfd1 c4 14. Bf5 g6 15. Bh3 b5 16. g3 Ne4 17. Bxe7 Nxc3 18. bxc3 Rxe7 19. Rb1 Nb6 20. Qc2 Qd6 21. Ra1 Bc8 22. Bxc8 Rxc8 23. Nd2 Rce8 24. Re1 Qc6 25. Re2 Kg7 26. Rae1 Qd6 27. Qc1 f5 28. f3 a5 29. Kf2 Na4 30. e4 fxe4 31. fxe4 Qf6+ 32. Kg1 b4 33. axb4 axb4 34. Rf2 Qb6 35. cxb4 Qxd4 36. Nf3 Qc3 37. Qd1 dxe4 38. Qxa4 exf3 39. Ref1 Re1 40. Qc6 Rxf1+ 41. Rxf1 Qd4+ 42. Kh1 Rf8 43. b5 Rf6 44. Qc7+ Rf7 45. Qc6 Qd2 46. Rg1 Qd3 0-1

[Event "COL-chT"]
[Site "Risaralda"]
[Date "2023.11.20"]
[Round "3.2"]
[White "Hernandez, Cristian Andres"]
[Black "Munoz Galvez, Jhon Edison"]
[Result "0-1"]
[WhiteElo "2351"]
[BlackElo "2305"]
[PlyCount "82"]
[EventDate "2023.11.19"]
[EventType "team-swiss"]
[EventRounds "7"]
[EventCountry "COL"]
[SourceTitle "CB49_2023"]
[SourceDate "2023.12.06"]
[SourceVersion "1"]
[SourceVersionDate "2023.12.06"]
[SourceQuality "1"]
[WhiteTeam "Risaralda"]
[BlackTeam "Caldas"]
[WhiteTeamCountry "COL"]
[BlackTeamCountry "COL"]

1. Nf3 Nf6 2. c4 e6 3. d4 Bb4+ 4. Nbd2 0-0 5. a3 Be7 6. e4 d6 7. Qc2 a5 8. Bd3 e5 9. dxe5 dxe5 10. Nxe5 Na6 11. Be2 Re8 12. 0-0 Nc5 13. Nef3 Bf8 14. b3 Nfxe4 15. Nxe4 Bf5 16. Be3 Bxe4 17. Qc3 Qd6 18. Rfd1 Qg6 19. Ne1 a4 20. b4 Nb3 21. Ra2 Rad8 22. h4 Be7 23. h5 Qf5 24. Nf3 Rxd1+ 25. Bxd1 Qxh5 26. Qe1 Qg6 27. Bf4 c5 28. Bg3 Bf6 29. bxc5 Nxc5 30. Re2 Re6 31. Re3 h5 32. Qb4 b6 33. Qd2 h4 34. Bc7 Bg5 35. Nxg5 Qxg5 36. g3 hxg3 37. Bxg3 Rh6 38. Kf1 Rh1+ 39. Ke2 Qg4+ 40. f3 Qxg3 41. Qd8+ Kh7 0-1

[Event "COL-ch Students"]
[Site "Santa Fe"]
[Date "2023.09.24"]
[Round "4"]
[White "Toro Castaneda, Miguel Angel"]
[Black "Munoz Galvez, Jhon Edison"]
[Result "0-1"]
[WhiteElo "2060"]
[BlackElo "2305"]
[PlyCount "102"]
[EventDate "2023.09.23"]
[EventType "swiss"]
[EventRounds "6"]
[EventCountry "COL"]
[SourceTitle "EXT 2024"]
[Source "ChessBase"]
[SourceDate "2023.10.10"]
[SourceVersion "1"]
[SourceVersionDate "2023.10.10"]
[SourceQuality "1"]

1. e4 c5 2. Nf3 d6 3. d4 Nf6 4. Nc3 cxd4 5. Nxd4 Nc6 6. Be2 e5 7. Nb3 Be7 8. 0-0 0-0 9. f4 a5 10. a4 Nb4 11. Bf3 Be6 12. f5 Bc4 13. Be2 Qb6+ 14. Kh1 Rfc8 15. Bxc4 Rxc4 16. Qe2 Rac8 17. Bg5 h6 18. Bxf6 Bxf6 19. Rad1 Qd8 20. Nd2 R4c5 21. Nf3 Rxc3 22. bxc3 Rxc3 23. Rd2 Qc7 24. Rfd1 Nxc2 25. Rxd6 Nd4 26. Nxd4 Qxd6 27. Nb5 Re3 28. Nxd6 Rxe2 29. g3 Be7 30. Nc8 Bf6 31. Nd6 Be7 32. Nc8 Bg5 33. h4 Bd2 34. Nd6 Kf8 35. Nxb7 Ke7 36. Nc5 h5 37. Nd3 Bc3 38. Nc5 Bd4 39. Nb3 Rxe4 40. Nxa5 Bc3 41. Nc6+ Kf6 42. a5 Ra4 43. Rd6+ Kxf5 44. a6 Kg4 45. a7 Kh3 46. Kg1 Bd4+ 47. Kf1 Kxg3 48. Rd7 f5 49. Ke2 g6 50. Kd3 e4+ 51. Kc2 Bf2 0-1

[Event "COL-ch Students"]
[Site "Santa Fe"]
[Date "2023.09.23"]
[Round "2"]
[White "Gonzalez Delgado, Hugo Andres"]
[Black "Munoz Galvez, Jhon Edison"]
[Result "0-1"]
[WhiteElo "1945"]
[BlackElo "2305"]
[PlyCount "100"]
[EventDate "2023.09.23"]
[EventType "swiss"]
[EventRounds "6"]
[EventCountry "COL"]
[SourceTitle "EXT 2024"]
[Source "ChessBase"]
[SourceDate "2023.10.10"]
[SourceVersion "1"]
[SourceVersionDate "2023.10.10"]
[SourceQuality "1"]

1. e4 c5 2. Nc3 Nc6 3. Bb5 e6 4. Bxc6 bxc6 5. f4 d5 6. Nf3 Nf6 7. e5 Nd7 8. 0-0 c4 9. b3 Ba6 10. bxc4 Bxc4 11. d3 Bc5+ 12. Kh1 Ba6 13. Qe1 0-0 14. Qg3 Re8 15. Nd1 Rb8 16. Re1 Qa5 17. d4 Bb4 18. Re3 Qa4 19. Rb3 c5 20. c3 Ba5 21. Nb2 Qc6 22. Ra3 Bd8 23. dxc5 Nxc5 24. Nd4 Qb7 25. Nd1 Ne4 26. Qe1 Bc4 27. Be3 Be7 28. Ra5 a6 29. Nf2 Nxc3 30. Bd2 Nb5 31. Rb1 Qc7 32. Nc2 Na7 33. Ne3 Rxb1 34. Qxb1 Bb5 35. a4 Be2 36. Qe1 Bc4 37. Qc1 Nc6 38. Nxc4 Nxa5 39. Nxa5 Qxc1+ 40. Bxc1 Rc8 41. Be3 d4 42. Bd2 Bb4 43. Nb3 Bxd2 44. g3 Be3 45. Nd3 Rc2 46. Nbc5 a5 47. Nb3 h5 48. h3 Kh7 49. g4 hxg4 50. hxg4 Rc3 0-1

[Event "COL-ch Students"]
[Site "Santa Fe"]
[Date "2023.09.23"]
[Round "1"]
[White "Munoz Galvez, Jhon Edison"]
[Black "Carvajal Barreto, Johan Sebastian"]
[Result "1-0"]
[WhiteElo "2305"]
[BlackElo "1756"]
[PlyCount "63"]
[EventDate "2023.09.23"]
[EventType "swiss"]
[EventRounds "6"]
[EventCountry "COL"]
[SourceTitle "EXT 2024"]
[Source "ChessBase"]
[SourceDate "2023.10.10"]
[SourceVersion "1"]
[SourceVersionDate "2023.10.10"]
[SourceQuality "1"]

1. d4 Nf6 2. c4 e6 3. Nc3 d5 4. Bg5 c6 5. e3 Bb4 6. Qc2 Nbd7 7. cxd5 exd5 8. Bd3 0-0 9. Bxh7+ Kh8 10. Bd3 Re8 11. Nge2 Qc7 12. 0-0-0 Be7 13. Kb1 Qb6 14. Nf4 Ne4 15. Ncxd5 cxd5 16. Bxe7 Ndf6 17. Bxf6 Nxf6 18. h4 Qd6 19. Rc1 Re7 20. Qc5 Qd8 21. Rc2 b6 22. Qc3 Ne8 23. h5 Bg4 24. Qc6 Be6 25. g4 Bxg4 26. Qxd5 Rd7 27. Ng6+ Kg8 28. Qg2 Be6 29. Nf4 Rb8 30. h6 Qf6 31. hxg7 Qxg7 32. Qh2 1-0

[Event "Medellin Flores op 30th"]
[Site "Medellin"]
[Date "2023.08.07"]
[Round "9"]
[White "Dominguez Rincon, Miller Duvan"]
[Black "Munoz Galvez, Jhon Edison"]
[Result "0-1"]
[WhiteElo "2021"]
[BlackElo "2318"]
[PlyCount "98"]
[EventDate "2023.08.03"]
[EventType "swiss"]
[EventRounds "9"]
[EventCountry "COL"]
[SourceTitle "CBM 215 Extra"]
[Source "ChessBase"]
[SourceDate "2023.09.30"]
[SourceVersion "1"]
[SourceVersionDate "2023.09.30"]
[SourceQuality "1"]

1. e4 c5 2. Nf3 Nc6 3. Bb5 e6 4. 0-0 Nge7 5. Re1 a6 6. Bf1 d5 7. exd5 Qxd5 8. Nc3 Qd8 9. a4 Nf5 10. b3 Be7 11. Ne4 0-0 12. Bb2 b6 13. Ng3 Nxg3 14. hxg3 Bf6 15. Bxf6 Qxf6 16. Qe2 Bb7 17. Qe4 Rfd8 18. Bd3 g6 19. g4 Rab8 20. g5 Qe7 21. Qh4 Rxd3 22. cxd3 Rd8 23. Re3 Nb4 24. Ne5 Rd4 25. Qh6 Qd6 26. Nxf7 Qd5 27. Rf3 Rf4 28. Qh3 Rxf7 29. Rxf7 Kxf7 30. Qxh7+ Kf8 31. Qh2 Nxd3 32. Qg3 Ke8 33. a5 b5 34. Kh2 Kd7 35. Rh1 Nf4 36. d3 Qxg2+ 37. Qxg2 Bxg2 38. Rd1 Bf3 39. Rd2 Ne2 40. b4 cxb4 41. Rb2 b3 42. Rxb3 e5 43. Rb4 Nd4 44. Kg3 Bd5 45. Rb2 Ne6 46. Re2 Kd6 47. Kg4 Nd4 48. Re1 Bf3+ 49. Kg3 b4 0-1

[Event "Medellin Flores op 30th"]
[Site "Medellin"]
[Date "2023.08.05"]
[Round "4"]
[White "Munoz Galvez, Jhon Edison"]
[Black "Aponte Castillo, Jose Ernesto"]
[Result "1-0"]
[WhiteElo "2318"]
[BlackElo "2051"]
[PlyCount "89"]
[EventDate "2023.08.03"]
[EventType "swiss"]
[EventRounds "9"]
[EventCountry "COL"]
[SourceTitle "CBM 215 Extra"]
[Source "ChessBase"]
[SourceDate "2023.09.30"]
[SourceVersion "1"]
[SourceVersionDate "2023.09.30"]
[SourceQuality "1"]

1. d4 f5 2. c4 Nf6 3. g3 g6 4. Bg2 Bg7 5. Nc3 0-0 6. Nf3 d6 7. 0-0 Qe8 8. Re1 Qf7 9. Qd3 Nc6 10. d5 Nb4 11. Qd2 e5 12. a3 Na6 13. Ng5 Qe7 14. b4 Nb8 15. Rb1 h6 16. Nh3 g5 17. f3 f4 18. Nf2 a5 19. g4 Bd7 20. e4 fxe3 21. Qxe3 axb4 22. axb4 c6 23. Nfe4 Nxe4 24. Nxe4 b5 25. Qb3 bxc4 26. Qxc4 Kh8 27. Be3 Rd8 28. Bb6 Rc8 29. Rec1 Ra6 30. Bf2 Bf8 31. b5 cxb5 32. Qxc8 Bxc8 33. Rxc8 Nd7 34. Bf1 Nb6 35. Rc6 Ra3 36. Rxb6 Rxf3 37. Bg2 Rf4 38. h3 Qh7 39. Rb4 h5 40. Nxg5 Qg6 41. Rxf4 exf4 42. Rb8 Kg8 43. Ne6 hxg4 44. Rxf8+ Kh7 45. Rxf4 1-0

[Event "Rivera Hernandez Memorial"]
[Site "Rivera Huila"]
[Date "2023.07.19"]
[Round "1"]
[White "Munoz Galvez, Jhon Edison"]
[Black "Mogollon Tobar, Nicolle Juliet"]
[Result "1-0"]
[WhiteElo "2301"]
[BlackElo "1851"]
[PlyCount "79"]
[EventDate "2023.07.19"]
[EventType "swiss"]
[EventRounds "10"]
[EventCountry "COL"]
[SourceTitle "CBM 215 Extra"]
[Source "ChessBase"]
[SourceDate "2023.09.30"]
[SourceVersion "1"]
[SourceVersionDate "2023.09.30"]
[SourceQuality "1"]

1. c4 b6 2. d4 Nf6 3. f3 Nc6 4. d5 Ne5 5. Qd4 Ng6 6. Nc3 e5 7. Qd3 Bc5 8. Nh3 h6 9. Bd2 a5 10. e3 Qe7 11. Nf2 d6 12. a3 a4 13. Qc2 Bd7 14. Nd3 e4 15. Nxc5 bxc5 16. f4 0-0 17. Be2 Rfe8 18. h3 Rab8 19. 0-0-0 Rb3 20. Rdg1 Reb8 21. Nd1 c6 22. dxc6 Bxc6 23. g4 d5 24. g5 hxg5 25. cxd5 Bxd5 26. Rxg5 Nxf4 27. exf4 e3 28. Rxd5 Nxd5 29. Be1 Nxf4 30. Bg3 Rxa3 31. bxa3 Qe5 32. Nb2 Nxe2+ 33. Qxe2 Qxg3 34. Qh2 Qxh2 35. Rxh2 f5 36. Rc2 Re8 37. Kd1 Re5 38. Ke2 f4 39. Nd3 Rg5 40. Nxf4 1-0

[Event "Neiva Ascun Nodo op"]
[Site "Neiva"]
[Date "2023.03.31"]
[Round "2"]
[White "Palomeque Parra, Jhon Brainer"]
[Black "Munoz Galvez, Jhon Edison"]
[Result "0-1"]
[WhiteElo "1300"]
[BlackElo "2273"]
[PlyCount "60"]
[EventDate "2023.03.30"]
[EventType "swiss"]
[EventRounds "6"]
[EventCountry "COL"]
[SourceTitle "CBM 213 Extra"]
[Source "ChessBase"]
[SourceDate "2023.05.31"]
[SourceVersion "1"]
[SourceVersionDate "2023.05.31"]
[SourceQuality "1"]

1. e4 c5 2. Nf3 d6 3. d4 cxd4 4. Nxd4 Nf6 5. Nc3 a6 6. Be3 e5 7. Nb3 Be7 8. Bd3 Be6 9. h3 Nbd7 10. Qe2 Rc8 11. Rd1 Qc7 12. 0-0 b5 13. a3 Nb6 14. Bxb6 Qxb6 15. Nd5 Nxd5 16. exd5 Bd7 17. Qe3 Bd8 18. Nd2 f5 19. Qg3 Bf6 20. Rfe1 0-0 21. c3 e4 22. Bb1 a5 23. Nb3 b4 24. Nd4 bxc3 25. bxc3 f4 26. Qh2 Rxc3 27. Ne6 Bh4 28. Rxe4 Bg3 29. Nxf8 Bxh2+ 30. Kxh2 Qxf2 0-1

[Event "Cali Valle Colombia op-A"]
[Site "Cali Valle Colombia"]
[Date "2022.12.28"]
[Round "5"]
[White "Munoz Galvez, Jhon Edison"]
[Black "Guerra Tulcan, Lenin"]
[Result "1/2-1/2"]
[WhiteElo "2292"]
[BlackElo "2340"]
[PlyCount "76"]
[EventDate "2022.12.26"]
[EventType "swiss"]
[EventRounds "9"]
[EventCountry "COL"]
[SourceTitle "CBM 211 Extra"]
[Source "ChessBase"]
[SourceDate "2023.01.31"]
[SourceVersion "1"]
[SourceVersionDate "2023.01.31"]
[SourceQuality "1"]

1. e4 c5 2. Nf3 e6 3. Nc3 Nc6 4. d4 cxd4 5. Nxd4 Qc7 6. Be3 a6 7. a3 b5 8. Nxc6 dxc6 9. Qg4 Nf6 10. Qg3 Qxg3 11. hxg3 e5 12. f3 Be6 13. Be2 Nd7 14. g4 Bc5 15. Kf2 f6 16. Bxc5 Nxc5 17. b4 Nb7 18. a4 0-0 19. Rhb1 Rfd8 20. Nd1 Nd6 21. Ne3 Kf7 22. Ra3 Nc4 23. Bxc4 Bxc4 24. Ke1 Be6 25. Rba1 Rac8 26. axb5 axb5 27. Ra7+ Rd7 28. Rxd7+ Bxd7 29. Ra7 Ke6 30. Kd2 Kd6 31. c4 g6 32. cxb5 cxb5 33. Nd5 Rc4 34. Nb6 Rd4+ 35. Kc3 Be6 36. Rxh7 Kc6 37. Re7 Rd6 38. Nd5 Bxd5 1/2-1/2

[Event "COL-chT Blitz"]
[Site "Santa Marta"]
[Date "2022.11.07"]
[Round "6.3"]
[White "Munoz Galvez, Jhon Edison"]
[Black "Campos Gomez, Manuel"]
[Result "0-1"]
[WhiteElo "2209"]
[BlackElo "2230"]
[PlyCount "123"]
[EventDate "2022.11.07"]
[EventType "team-swiss"]
[EventRounds "9"]
[EventCountry "COL"]
[SourceTitle "CBM 211 Extra"]
[Source "ChessBase"]
[SourceDate "2023.01.31"]
[SourceVersion "1"]
[SourceVersionDate "2023.01.31"]
[SourceQuality "1"]
[WhiteTeam "Caldas"]
[BlackTeam "Valle"]
[WhiteTeamCountry "COL"]
[BlackTeamCountry "COL"]

1. d4 d5 2. Nf3 Nf6 3. c4 c6 4. e3 e6 5. Qc2 Nbd7 6. Nc3 Be7 7. Bd3 0-0 8. 0-0 dxc4 9. Bxc4 b5 10. Be2 Bb7 11. Rd1 Rc8 12. e4 b4 13. Na4 c5 14. dxc5 Bxe4 15. Qb3 Qa5 16. Bd2 Nxc5 17. Nxc5 Qxc5 18. Be3 Qa5 19. Rdc1 Bd5 20. Qd1 Rcd8 21. Nd4 Bb7 22. Qb3 Bd5 23. Nc6 Bxc6 24. Rxc6 Qe5 25. Bf3 a5 26. g3 Nd5 27. Bc5 a4 28. Qxa4 Qxb2 29. Rf1 Nc3 30. Qb3 Qxb3 31. axb3 Bxc5 32. Rxc5 Rd4 33. Kg2 g6 34. Ra1 Kg7 35. Ra7 Nb1 36. Rb7 Nd2 37. Bd1 Ne4 38. Rc1 Nc3 39. Bf3 Rfd8 40. Ra1 R8d7 41. Raa7 Rxb7 42. Rxb7 Nb1 43. Bc6 Kf8 44. Rb8+ Ke7 45. Rb7+ Kf8 46. Rb8+ Kg7 47. Rb7 Nd2 48. Be8 Nxb3 49. Rxf7+ Kh6 50. Rb7 Nc5 51. Rb5 Ne4 52. Bc6 Nc3 53. Rb7 Nb1 54. Bd7 e5 55. Be6 Nd2 56. Bg8 Kg5 57. Bxh7 b3 58. Bg8 Rd3 59. h4+ Kf6 60. Rb6+ Kg7 61. Be6 Rc3 62. Bd7 0-1

[Event "COL-chT Rapid"]
[Site "Santa Marta"]
[Date "2022.11.04"]
[Round "4.2"]
[White "Mateus Urbano, Luis Alejandro"]
[Black "Munoz Galvez, Jhon Edison"]
[Result "1-0"]
[WhiteElo "2230"]
[BlackElo "2263"]
[PlyCount "91"]
[EventDate "2022.11.02"]
[EventType "team-swiss"]
[EventRounds "7"]
[EventCountry "COL"]
[SourceTitle "CBM 211 Extra"]
[Source "ChessBase"]
[SourceDate "2023.01.31"]
[SourceVersion "1"]
[SourceVersionDate "2023.01.31"]
[SourceQuality "1"]
[WhiteTeam "Valle II"]
[BlackTeam "Caldas"]
[WhiteTeamCountry "COL"]
[BlackTeamCountry "COL"]

1. e4 c5 2. Nf3 e6 3. d4 cxd4 4. Nxd4 Nf6 5. Nc3 Nc6 6. Nxc6 bxc6 7. e5 Nd5 8. Ne4 Qc7 9. f4 Ba6 10. Bxa6 Qa5+ 11. Bd2 Qxa6 12. Qe2 Qxe2+ 13. Kxe2 f5 14. Nf2 Be7 15. c4 Nb6 16. b3 Kf7 17. Be3 Rhb8 18. Rhd1 Rb7 19. Nd3 Ke8 20. Bc5 a5 21. Bxe7 Kxe7 22. Nc5 Rc7 23. a4 h6 24. Rd3 Rca7 25. Rad1 Rg8 26. Kf2 Rb8 27. Rg1 Rf8 28. Ke2 Rf7 29. Rg3 Kf8 30. Rd1 Ke7 31. Rd4 Ke8 32. Rgd3 Re7 33. Rd1 Kd8 34. h4 Kc7 35. h5 Ra8 36. R1d3 Kd8 37. Rg3 Kc7 38. Kd2 Ra7 39. Kc3 Kc8 40. Rdd3 Na8 41. Rd2 Nc7 42. Rgd3 Na6 43. Nxa6 Rxa6 44. Kd4 Kc7 45. Kc5 Rb6 46. Rxd7+ 1-0

[Event "COL-chT Rapid"]
[Site "Santa Marta"]
[Date "2022.11.03"]
[Round "3.2"]
[White "Munoz Galvez, Jhon Edison"]
[Black "Herrera, Juan Sebastian"]
[Result "1/2-1/2"]
[WhiteElo "2263"]
[BlackElo "2328"]
[PlyCount "53"]
[EventDate "2022.11.02"]
[EventType "team-swiss"]
[EventRounds "7"]
[EventCountry "COL"]
[SourceTitle "CBM 211 Extra"]
[Source "ChessBase"]
[SourceDate "2023.01.31"]
[SourceVersion "1"]
[SourceVersionDate "2023.01.31"]
[SourceQuality "1"]
[WhiteTeam "Caldas"]
[BlackTeam "Valle"]
[WhiteTeamCountry "COL"]
[BlackTeamCountry "COL"]

1. d4 g6 2. e4 Bg7 3. Nf3 d6 4. Nc3 a6 5. a4 Nd7 6. Be3 b6 7. Be2 Bb7 8. Nd2 e6 9. h4 h5 10. Nf3 Ngf6 11. Ng5 c5 12. d5 exd5 13. exd5 0-0 14. 0-0 Ne5 15. Qd2 Qc7 16. Bf4 Rfe8 17. Rfe1 Rab8 18. Bf1 Bc8 19. Rad1 Nh7 20. Nxh7 Kxh7 21. Ne4 b5 22. axb5 axb5 23. Bg5 Ng4 24. c3 f5 25. Ng3 Qd7 26. Ne2 Bb7 27. Nf4 1/2-1/2